000 00296nam a22001337a 4500
008 170821b xxu||||| |||| 00| 0 eng d
020 _a9780883853221
041 _aeng
080 _a51
100 _a37
101 _aMAT
245 _aLINEAR ALGEBRA PROBLEM BOOK
_cHALMOS,P.R
942 _2udc
_cBK
999 _c24230
_d24230